| 000 | 01379nam a2200277 i 4500 | ||
|---|---|---|---|
| 001 | 167629 | ||
| 003 | ES-MaACL | ||
| 005 | 20250716063324.0 | ||
| 008 | 931025s1879 sp |||| | spa d | ||
| 080 | _a642.6(02)"14" | ||
| 100 | 0 |
_a Aragón, Enrique de, _dca. 1384-ca. 1434 _eaut _9115239 |
|
| 245 | 1 | 0 |
_aArte cisoria de D. Enrique de Villena : _bcon varios estudios sobre su vida y obras y muchas notas y apéndices / _cpor Felipe-Benicio Navarro. |
| 260 |
_aMadrid : _bMurillo ; _aBarcelona : _bVerdaguer, _c1879 _e(Barcelona : _fImp. de la Renaixensa, por Pedro Aldavert) |
||
| 300 |
_aLXXXVI , 315 páginas, 2 hojas, [1] hoja de lámina ; _c8º |
||
| 530 | _aDisponible en formato digital | ||
| 599 | _aLámina: retrato de Enrique de Villena. "F.B. Navarro, 1879" | ||
| 600 | 1 | 4 |
_aAragón, Enrique de, _dca. 1384-ca. 1434- _vBiografías _9115240 |
| 650 |
_aArte de servir la mesa- _vObras anteriores a 1800. _910177 |
||
| 700 | 1 |
_aNavarro, Felipe Benicio, _d1840-1901 _epbl _985065 |
|
| 852 |
_aES-MaACL _cSVI _jD-2545 _xHolandesa |
||
| 856 |
_uhttps://bdh-rd.bne.es/viewer.vm?id=0000289633&page=1 _yVersión en línea _z(Biblioteca Digital Hispánica) |
||
| 856 |
_uhttps://archive.org/details/A041107/page/n11/mode/2up _yVersión en línea _z(Internet Archive) |
||
| 942 |
_2udc _cMONANT _n0 |
||
| 999 |
_c167629 _d167629 |
||